000 00683nam a2200253Ia 4500
003 OSt
005 20220918203016.0
006 a|||||r|||| 00| 0
007 ta
008 220917b |||||||| |||| 00| 0 eng d
024 _a105,458
037 _cTextual
040 _aARTS
_cARTS
_beng
041 _2eng
_aeng
082 _aV3.K40<-G, K9
100 _aElton G R
_919249
245 0 _aEngland 1200--1640
260 _aLondon
_bSources of history
_c1969
300 _a255p.
_ccm.
490 _aSources of history, Studies in the use of historical evidence
650 _aHISTORY
942 _hV3.K40<-G, K9
_cTEXL
_2CC
999 _c228817
_d228817